The politics of Mexican development /

Bibliographic Details
Main Author: Hansen, Roger D.
Format: Book
Language:English
Published: Baltimore : Johns Hopkins Press, [1971]
Subjects:

MARC

Tag First Indicator Second Indicator Subfields
LEADER 00000cam a2200000 4500
001 in00000217469
005 20151009080226.0
008 710621s1971 mdu b 00110 eng
010 |a  77134300  
020 |a 0801811937  |c $11.00 
035 |a (OCoLC)00146529 
035 |9 AAZ4965AM 
040 |a DLC  |c DLC  |d OCL  |d TXA  |d UtOrBLW 
043 |a n-mx--- 
049 |a TXAM  |c 2 [A11677809] 
050 0 0 |a HC135  |b .H3 
082 0 |a 330.972/08 
100 1 |a Hansen, Roger D. 
245 1 4 |a The politics of Mexican development /  |c [by] Roger D. Hansen. 
264 1 |a Baltimore :  |b Johns Hopkins Press,  |c [1971] 
300 |a xiii, 267 pages ;  |c 24 cm. 
336 |a text  |b txt  |2 rdacontent 
337 |a unmediated  |b n  |2 rdamedia 
338 |a volume  |b nc  |2 rdacarrier 
504 |a Bibliography: pages 239-248. 
651 0 |a Mexico  |x Economic conditions. 
651 0 |a Mexico  |x Politics and government. 
999 |a MARS 
999 f f |s 86b205a6-22f9-3b3a-a72a-6bc8007bd442  |i c5a5f554-ffcb-3982-b81b-57092e25ad78  |t 0 
952 f f |p ric  |a Texas A&M University  |b Rellis Campus  |c Joint Library Facility  |d Remote Storage  |t 0  |e HC135 .H3  |h Library of Congress classification  |i unmediated -- volume  |m A14811677809 
998 f f |a HC135 .H3  |t 0  |l Remote Storage